000
00336nam a22001457a 4500
008
210301b ||||| |||| 00| 0 eng d
020
_a
1567930409
041
_a
eng
080
_a
61
082
_a
61
100
_a
3
101
_a
SHM
245
_a
Strategic Choices for a Changing Health Care System
_c
Altman, S.H
942
_2
udc
_c
BK
999
_c
55403
_d
55403